Words That End With "UE" - Statistics

General Stats
  • This quiz has been taken 261 times
  • The average score is 8 of 26
Answer Stats
Hint Answer % Correct
Strong adhesive Superglue
76%
Conversation Dialogue
67%
Another place of worship Mosque
67%
Fellow member of a profession Colleague
63%
Covered with tastebuds Tongue
62%
Neither transparent nor translucent Opaque
61%
Place of worship Synagogue
60%
Speech used in plays Monologue
59%
Introduction (literary) Prologue
57%
To present a reason for/against... Argue
51%
Resume Continue
29%
Bill of exchange (British) Cheque
26%
Type of dessert Meringue
23%
Small shopping outlet Boutique
21%
Deformed and repulsive Grotesque
18%
Playfully mischievous person Rogue
18%
Abrupt or offhand speech/manner Brusque
15%
Group of biological cells Tissue
13%
Aggressive speech Harangue
12%
Distillation aftermath Residue
12%
A cooking method/apparatus Barbeque
11%
Detailed analysis Critique
9%
Dogmatic advocate of an ideology Ideologue
8%
To understand/interpret Construe
4%
Drama/musical work Burlesque
0%
To stain Imbrue
0%
No matching quizzes found
Score Distribution
Percent of People with Each Score
Percentile by Number Answered
Your Score History
You have not taken this quiz